| 000 | 01099nam a22003497a 4500 | ||
|---|---|---|---|
| 001 | 200427379 | ||
| 003 | TR-AnTOB | ||
| 005 | 20260312165523.0 | ||
| 008 | 171001b xxu||||| |||| 00| 0 tur d | ||
| 020 | _a9751602750 (set) | ||
| 020 | _a9751602769 (v.1) | ||
| 020 | _a9751602777 (v.2) | ||
| 020 | _a9751602785 (v.3) | ||
| 040 |
_aTR-AnTOB _beng _cTR-AnTOB _erda |
||
| 041 | _atur | ||
| 050 |
_aPL107 _b.A47 1990 |
||
| 090 |
_aPL107 _b.A47 1990 |
||
| 100 | 1 |
_aAksan, Doğan, _d1929-2010 _eauthor _925451 |
|
| 245 | 1 | 0 |
_aHer yönüyle dil : _bana çizgileriyle dil bilim / _cDoğan Aksan. |
| 250 | _a4. baskı. | ||
| 264 | 1 |
_aAnkara : _bTürk Dil Kurumu Yayınları, _c1990. |
|
| 300 |
_a3 volumes ; _c23 cm |
||
| 336 |
_2rdacontent _atext _btxt |
||
| 337 |
_2rdamedia _aunmediated _bn |
||
| 338 |
_2rdacarrier _avolume _bnc |
||
| 490 | 0 |
_aTürk Kültür, Dil ve Tarih Yüksek Kurumu Türk Dil Kurumu Yayınları ; _v439 |
|
| 500 | _aIncludes index. | ||
| 590 | _aDonated by Aypar Altınel. | ||
| 650 | 0 |
_aDilbilim _925592 |
|
| 942 |
_2lcc _cBK |
||
| 999 |
_c200427379 _d45303 |
||